Music Quiz

Random Music or Song Quiz

Noughties bangers quiz Stats

 Plays Quiz not verified by Sporcle

Support Sporcle.
Go Orange.
Score 0/36 Timer 02:00
0 Plays Today
Song title Artist % Correct
Sex on Fire???
52.5%
Poker Face???
49.4%
I Kissed a Girl???
48.1%
Umbrella???
47.8%
Crazy in Love???
45%
Cry Me a River???
39.8%
Since U Been Gone???
38.4%
Sk8er Boi???
38.2%
Whenever, Wherever???
35.8%
It Wasn't Me???
35.6%
Mr Brightside???
35.3%
Stan???
34%
Bleeding Love???
33.6%
You're Beautiful???
31.9%
Yellow???
31.7%
Hey Ya!???
30.2%
Hey, Soul Sister???
29.5%
Beautiful Girls???
26.9%
Song title Artist % Correct
In da Club???
26.8%
Uptown Girl???
22.7%
Can't Get You Out of My Head???
21.6%
Don't Cha???
17.6%
All The Things She Said???
16.9%
Seven Nation Army???
14.6%
If I Ain't Got You???
14.1%
That's Not My Name???
12.3%
Where is the Love????
12.1%
In For The Kill???
11.7%
Playing with Fire ft Mr Hudson???
10.9%
If You're Not The One???
10.9%
Leave Right Now???
10.6%
Crazy???
9.8%
Milkshake???
9.8%
I Bet You Look Good on the Dancefloor???
7.9%
Who Let the Dogs Out???
3.8%
7 Days???
0.3%

You're not logged in!

Compare scores with friends on all Sporcle quizzes.
OR
Log In

From the Vault

Image Word Wheel X

by JoeBeta

Words won't help your car move that well, but we won't stop you from trying.
Remove Ads.
Support Sporcle.
Get the best of Sporcle when you Go Orange. This ad-free experience offers more features, more stats, and more fun while also helping to support Sporcle. Thank you for becoming a member.

Show Comments

Extras

Top Quizzes Today


Score Distribution

Your Account Isn't Verified!

In order to create a playlist on Sporcle, you need to verify the email address you used during registration. Go to your Sporcle Settings to finish the process.

Report this User

Report this user for behavior that violates our Community Guidelines.

Details: